| 000 | 00608nam a2200205 a 4500 | ||
|---|---|---|---|
| 001 | 2001 | ||
| 003 | CDMR | ||
| 005 | 20131024104506.0 | ||
| 008 | 130130s1984||||||||||||||||||||||||||||d | ||
| 040 |
_aCDMR _bcat _cCDMR |
||
| 100 | 1 |
_aDíaz Mancisidor, Alberto _91494 |
|
| 245 | 1 | 3 |
_aLa empresa de radio en USA _cAlberto Díaz Mancisidor |
| 260 |
_aPamplona _c1984 _bUniversidad de Navarra |
||
| 300 | _a476 p. | ||
| 490 | 0 | _aCiencias de la Información (EUNSA) | |
| 650 | 0 | 4 |
_92503 _aRadiodifusió _zEstats Units |
| 650 | 0 | 4 |
_93092 _aIndústria audiovisual |
| 650 | 0 | 4 |
_92387 _aRàdio _xHistòria |
| 942 |
_cMON _2udc |
||
| 999 |
_c2001 _d2001 |
||